[Event "CRI-ch"]
[Site "San Jose"]
[Date "2024.01.10"]
[Round "5"]
[White "Valverde Mora, Mauricio"]
[Black "Chaves Villalobos, David Gerar"]
[Result "1-0"]
[WhiteElo "1872"]
[BlackElo "1899"]
[PlyCount "73"]
[EventDate "2024.01.06"]
[EventType "swiss"]
[EventRounds "9"]
[EventCountry "CRI"]
[SourceTitle "CB05_2024"]
[SourceDate "2024.01.31"]
[SourceVersion "1"]
[SourceVersionDate "2024.01.31"]
[SourceQuality "1"]

1. c4 Nf6 2. Nc3 e6 3. e4 d6 4. d4 g6 5. f3 Bg7 6. Be3 0-0 7. Nge2 Nbd7 8. Qd2 Re8 9. 0-0-0 Nb6 10. Nf4 Qe7 11. g4 Nfd7 12. Ng2 Nf8 13. Be2 Bd7 14. h4 f5 15. h5 c5 16. hxg6 hxg6 17. d5 Rad8 18. Bg5 Bf6 19. Bxf6 Qxf6 20. Rdg1 fxg4 21. fxg4 Re7 22. Rf1 Qe5 23. Nh4 Qg7 24. Qg5 Be8 25. Rh3 Nh7 26. Qd2 exd5 27. exd5 Nd7 28. Nf3 Rf7 29. Rfh1 Qf6 30. Ne4 Qf4 31. Qxf4 Rxf4 32. Rxh7 Rxe4 33. Rh8+ Kg7 34. R1h7+ Kf6 35. g5+ Kf5 36. Bd3 Nb6 37. Nd2 1-0

[Event "San Jose op"]
[Site "San Jose"]
[Date "2013.06.29"]
[Round "1"]
[White "Chaves Villalobos, David Gerar"]
[Black "Bermudez Munoz, Alexander"]
[Result "0-1"]
[WhiteElo "2113"]
[BlackElo "2078"]
[PlyCount "42"]
[EventDate "2013.06.29"]
[EventType "swiss"]
[EventRounds "9"]
[EventCountry "CRI"]
[SourceTitle "EXT 2014"]
[Source "ChessBase"]
[SourceDate "2013.11.20"]
[SourceVersion "1"]
[SourceVersionDate "2013.11.20"]
[SourceQuality "1"]

1. d4 Nf6 2. c4 e6 3. Nf3 b6 4. g3 Bb7 5. Bg2 Bb4+ 6. Bd2 Be7 7. 0-0 0-0 8. Nc3 c5 9. Be3 Ne4 10. Qc2 f5 11. Nd2 Nxc3 12. Bxb7 Nxe2+ 13. Kh1 Nc6 14. Bxa8 Qxa8 15. f3 cxd4 16. Bg1 Ne5 17. Qa4 Bg5 18. Qb5 d6 19. c5 Nxg1 20. Qb3 Bxd2 21. Kxg1 Rf6 0-1

[Event "CRI-chT"]
[Site "San Jose"]
[Date "2012.07.28"]
[Round "7.3"]
[White "Esquivel Vargas, Jose Edmond"]
[Black "Chaves Villalobos, David Gerar"]
[Result "1-0"]
[WhiteElo "2061"]
[BlackElo "1989"]
[PlyCount "59"]
[EventDate "2012.07.22"]
[EventType "team-tourn"]
[EventRounds "9"]
[EventCountry "CRI"]
[SourceTitle "EXT 2013"]
[Source "ChessBase"]
[SourceDate "2012.11.22"]
[SourceVersion "1"]
[SourceVersionDate "2012.11.22"]
[SourceQuality "1"]
[WhiteTeam "Cartago Las Brumas"]
[BlackTeam "Costa Rica Univ"]
[WhiteTeamCountry "CRI"]
[BlackTeamCountry "CRI"]

1. d4 Nf6 2. c4 e6 3. Nf3 Bb4+ 4. Nbd2 b6 5. g3 Bb7 6. Bg2 0-0 7. 0-0 Bxd2 8. Bxd2 Be4 9. Bc3 d6 10. Nd2 Bxg2 11. Kxg2 c5 12. e4 cxd4 13. Bxd4 Nc6 14. Bc3 d5 15. cxd5 exd5 16. e5 Ne8 17. Nb3 Nc7 18. f4 Re8 19. Nd4 Qd7 20. Rc1 Nd8 21. h3 a5 22. g4 Na6 23. Nf5 Nb7 24. Nxg7 Rec8 25. Nh5 Qb5 26. Nf6+ Kg7 27. Qc2 Rh8 28. e6 Rac8 29. Nxh7+ Kg8 30. exf7+ 1-0

[Event "CRI-chT"]
[Site "San Jose"]
[Date "2012.07.25"]
[Round "3.1"]
[White "Chaves Villalobos, David Gerar"]
[Black "Barrios Zamora, Carlos"]
[Result "1/2-1/2"]
[WhiteElo "1989"]
[BlackElo "2021"]
[PlyCount "80"]
[EventDate "2012.07.22"]
[EventType "team-tourn"]
[EventRounds "9"]
[EventCountry "CRI"]
[SourceTitle "EXT 2013"]
[Source "ChessBase"]
[SourceDate "2012.11.22"]
[SourceVersion "1"]
[SourceVersionDate "2012.11.22"]
[SourceQuality "1"]
[WhiteTeam "Costa Rica Univ"]
[BlackTeam "Goicoechea"]
[WhiteTeamCountry "CRI"]
[BlackTeamCountry "CRI"]

1. d4 Nf6 2. g3 d5 3. Bg2 c6 4. Nf3 Bg4 5. b3 Bxf3 6. Bxf3 e6 7. 0-0 Bd6 8. Bb2 Qe7 9. Nd2 0-0 10. e4 Bb4 11. c3 Ba5 12. a4 Re8 13. e5 Nfd7 14. b4 Bc7 15. Bh5 a5 16. Ba3 g6 17. Be2 Qd8 18. Rb1 b6 19. f4 Kg7 20. Nf3 Qc8 21. g4 f5 22. gxf5 exf5 23. Bd3 Nf8 24. bxa5 Rxa5 25. Bb4 Ra7 26. Bxf8+ Rxf8 27. Rf2 Bd8 28. Rg2 Kh8 29. h4 Qe6 30. Qb3 Nd7 31. c4 Be7 32. cxd5 cxd5 33. Bb5 Rc8 34. Rc2 Rac7 35. Rbc1 Rxc2 36. Rxc2 Nf8 37. Ba6 Rxc2 38. Qxc2 Qd7 39. Bb5 Qd8 40. h5 Ne6 1/2-1/2